[Event "Liga CS - istok 2016"]
[Site "Kladovo"]
[Date "2016.10.16"]
[Round "11.11"]
[White "Trailovic, Mile"]
[Black "Todorovic, Zoran D"]
[Result "1/2-1/2"]
[WhiteElo "2080"]
[BlackElo "2091"]
[PlyCount "0"]
[EventDate "2016.09.04"]

1.e4 c5 2.Nc3 Nc6 3.g3 g6 4.Bg2 Bg7 5.Nge2 e6 6.f4 Nge7 7.e5
d5 8.exd6 Nf5 9.Ne4 Qa5 10.c3 Bd7 11.Qb3 O-O-O 12.Qc4 Be8 13.Qxc5
Qxc5 14.Nxc5 Nxd6 15.d4 b6 16.Ne4 Nf5 17.Kf2 f6 18.h4 h5 19.Bh3
Bf7 20.Re1 Rhe8 21.Ng1 e5 22.dxe5 fxe5 23.Nf3 Bd5 24.fxe5 Bxe5
25.Bxf5+ gxf5 26.Neg5 Bf6 27.Bf4 a5 28.Re3 Rxe3 29.Bxe3 b5 30.a3
b4 31.axb4 axb4 32.Nh7 Bg7 33.cxb4 Nxb4 34.Bd4 Bxd4+ 35.Nxd4
Be4 36.Rc1+ Kb7 37.Rc4 Nd3+ 38.Kg1 Ne5 39.Rb4+ Ka6 40.Ng5 Ba8 1/2-1/2

[Event "Liga CS - istok 2016"]
[Site "Kladovo"]
[Date "2016.10.16"]
[Round "11.12"]
[White "Mitic, Dragan"]
[Black "Vlajic, Sasa"]
[Result "1/2-1/2"]
[WhiteElo "2129"]
[BlackElo "2141"]
[PlyCount "0"]
[EventDate "2016.09.04"]

1.e4 d5 2.exd5 Nf6 3.Nf3 Nxd5 4.d4 g6 5.c4 Nb6 6.Nc3 Bg7 7.h3
O-O 8.Be2 Nc6 9.Be3 e5 10.dxe5 Nxe5 11.Nxe5 Bxe5 1/2-1/2

[Event "Liga CS - istok 2016"]
[Site "Kladovo"]
[Date "2016.10.16"]
[Round "11.13"]
[White "Simic, Vladica"]
[Black "Miljkovic, Slobodan*"]
[Result "1/2-1/2"]
[WhiteElo "2079"]
[BlackElo "1752"]
[PlyCount "0"]
[EventDate "2016.09.04"]

1.Nf3 Nf6 2.b3 d5 3.g3 g6 4.Bg2 Bg7 5.Bb2 Nbd7 6.O-O O-O 7.d3
Re8 8.Nbd2 e5 9.e4 d4 10.h3 Nh5 11.a4 c5 12.Nc4 Nb6 13.Na3 Be6
14.Bc1 h6 15.a5 Nc8 16.a6 b6 17.Nh4 Nf4 18.gxf4 Qxh4 19.f5 Bd7
20.Qg4 Qxg4 21.hxg4 g5 22.Bd2 Nd6 23.Rfb1 Rab8 24.Bf3 f6 25.Kg2
Kf7 26.Rh1 Rh8 1/2-1/2

[Event "Liga CS - istok 2016"]
[Site "Kladovo"]
[Date "2016.10.16"]
[Round "11.25"]
[White "Simic, Petar S**"]
[Black "Milunovic, Sasa"]
[Result "1-0"]
[WhiteElo "2083"]
[BlackElo "1932"]
[PlyCount "0"]
[EventDate "2016.09.04"]

1.Nf3 d5 2.g3 Nf6 3.Bg2 c5 4.c4 e6 5.O-O Nc6 6.cxd5 exd5 7.d4
cxd4 8.Nxd4 Be7 9.Nc3 O-O 10.Bg5 Be6 11.Nxe6 fxe6 12.Bh3 Qd7
13.Rc1 h6 14.Bxf6 Bxf6 15.e3 Rad8 16.Qb3 Rfe8 17.Rfd1 Qf7 18.Ne2
Na5 19.Qb5 Nc4 20.b3 a6 21.Qb4 Ne5 22.Bg2 h5 23.Qb6 Rc8 24.Nf4
g5 25.Rxc8 gxf4 26.Rxe8+ Qxe8 27.exf4 Ng4 28.Re1 Qd7 29.Qxe6+
Qxe6 30.Rxe6 1-0

[Event "Liga CS - istok 2016"]
[Site "Kladovo"]
[Date "2016.10.16"]
[Round "11.26"]
[White "Mitrovic, Aleksandar"]
[Black "Stojanovic, Sreten"]
[Result "1/2-1/2"]
[WhiteElo "1780"]
[BlackElo "2094"]
[PlyCount "0"]
[EventDate "2016.09.04"]

1.d4 d5 2.c4 e6 3.Nf3 Nf6 4.Nc3 Be7 5.Bf4 c6 6.cxd5 exd5 7.e3
Bd6 8.Bxd6 Qxd6 9.Qc2 O-O 10.Bd3 h6 11.h3 Nbd7 12.O-O Re8 13.Rfe1
Nf8 14.Ne5 N6d7 15.Nxd7 Bxd7 16.Rac1 Rac8 17.a3 Be6 18.Na4 Rc7
19.Qc5 Qxc5 20.Nxc5 Bc8 21.Rc3 Ne6 22.Nxe6 Bxe6 23.Rec1 1/2-1/2

[Event "Liga CS - istok 2016"]
[Site "Kladovo"]
[Date "2016.10.16"]
[Round "11.33"]
[White "Radakovic, Stevan"]
[Black "Stevanovic, Ljubinko"]
[Result "1/2-1/2"]
[WhiteElo "2087"]
[BlackElo "2051"]
[PlyCount "0"]
[EventDate "2016.09.04"]

1.e4 c5 2.Nf3 d6 3.d4 cxd4 4.Nxd4 Nf6 5.Nc3 a6 6.f3 e6 7.Be3
b5 8.a3 Bb7 9.Qd2 Nbd7 10.O-O-O Nb6 11.Kb1 1/2-1/2

[Event "Liga CS - istok 2016"]
[Site "Kladovo"]
[Date "2016.10.16"]
[Round "11.34"]
[White "Milosevic, Sinisa"]
[Black "Celenkovic, Bojan*"]
[Result "1/2-1/2"]
[WhiteElo "1993"]
[BlackElo "2048"]
[PlyCount "0"]
[EventDate "2016.09.04"]

1.e4 e5 2.Nf3 Nc6 3.Bb5 a6 4.Ba4 Nf6 5.Qe2 b5 6.Bb3 Be7 7.c3
d6 8.h3 O-O 9.O-O Na5 10.Bc2 c5 11.d3 1/2-1/2

[Event "Liga CS - istok 2016"]
[Site "Kladovo"]
[Date "2016.10.16"]
[Round "11.35"]
[White "Damjanovic, Nebojsa"]
[Black "Urosevic, Dejan"]
[Result "1/2-1/2"]
[WhiteElo "2039"]
[BlackElo "1923"]
[PlyCount "0"]
[EventDate "2016.09.04"]

1.Nf3 Nf6 2.g3 d5 3.d4 g6 4.Bg2 Bg7 5.O-O O-O 6.c3 c6 7.Nbd2
Nbd7 8.Qc2 Re8 9.Re1 e5 10.dxe5 Nxe5 11.Nxe5 Rxe5 12.e4 dxe4
13.Nxe4 Nxe4 14.Rxe4 Rxe4 15.Bxe4 1/2-1/2

[Event "Liga CS - istok 2016"]
[Site "Kladovo"]
[Date "2016.10.16"]
[Round "11.41"]
[White "Garic, Radomir"]
[Black "Zivkovic, Momcilo"]
[Result "0-1"]
[WhiteElo "2300"]
[BlackElo "2071"]
[PlyCount "0"]
[EventDate "2016.09.04"]

1.e4 e6 2.d4 d5 3.Nc3 Nf6 4.Bg5 Be7 5.e5 Nfd7 6.Bxe7 Qxe7 7.Qd2
a6 8.Nd1 c5 9.c3 Nc6 10.f4 f5 11.Nf3 b5 12.Bd3 Nb6 13.O-O Bd7
14.Kh1 cxd4 15.cxd4 Nb4 16.Bb1 Rc8 17.Nf2 a5 18.b3 a4 19.a3 Nc6
20.b4 Nb8 21.Nd3 Na6 22.Nc5 Nc4 23.Qf2 Nxc5 24.dxc5 O-O 25.Bd3
Bc6 26.Nd4 Rfd8 27.Ra2 h6 28.Rg1 h5 29.h3 Kf7 30.Qf3 g6 31.Bxc4
bxc4 32.Rd1 Bd7 33.Qe2 Rh8 34.Nf3 Kg7 35.Qe3 Bc6 36.Rd4 Rb8 37.Qc3
Rb7 38.Ng5 Bb5 39.Re2 Bc6 40.Re3 h4 41.Kg1 Rh5 42.Nf3 Rh8 43.Kf2
Kf7 44.Ke2 Kg7 45.Qe1 Rbb8 46.Rc3 Rh5 47.Qc1 Rb7 48.Ng5 Rh8 49.Qg1
Rh5 50.Qc1 Rb8 51.g4 hxg3 52.Rxg3 Rbh8 53.Qg1 R5h6 54.Kd2 Qe8
55.Kc3 Qe7 56.Rd2 Rh4 57.Qd4 Rb8 58.Rdg2 Rh6 59.Nf3 Be8 60.Qg1
Bf7 61.Nd4 Rbh8 62.Qe3 Rh4 63.Rh2 Qd7 64.Nf3 Rd8 65.Qd4 Rh6 66.Rhg2
Rdh8 67.Ng5 Be8 68.Rb2 Qe7 69.Rbg2 Bc6 70.Nf3 Rxh3 71.Rxg6+ Kf8
72.R2g3 Rxg3 73.Rxg3 Rh1 74.Ng5 Qe8 75.b5 Qa8 76.Kc2 Rh2+ 77.Kc1
Qa5 78.Qc3 Qxb5 79.Nxe6+ Ke7 80.Nd4 Rh1+ 81.Kd2 Qb1 82.Nxc6+
Kf8 83.Ke3 Qe4+ 0-1

[Event "Liga CS - istok 2016"]
[Site "Kladovo"]
[Date "2016.10.16"]
[Round "11.42"]
[White "Arsic, Novica"]
[Black "Cvetanovic, Uros*"]
[Result "0-1"]
[WhiteElo "2029"]
[BlackElo "2247"]
[PlyCount "0"]
[EventDate "2016.09.04"]

1.e4 c5 2.Nf3 e6 3.d4 cxd4 4.Nxd4 a6 5.Nc3 Qc7 6.Bd3 Nc6 7.Nb3
Nf6 8.a3 b5 9.O-O Be7 10.f4 h5 11.h3 h4 12.Qf3 Bb7 13.Be3 d6
14.Qf2 Nh5 15.Ne2 Bf6 16.c3 g6 17.f5 Ne5 18.Bc2 gxf5 19.Nd2 Rg8
20.Kh1 Nc4 21.Nxc4 Qxc4 22.b3 Qxe2 23.Rae1 Ng3+ 24.Kg1 Qxf2+
25.Rxf2 Nxe4 0-1

[Event "Liga CS - istok 2016"]
[Site "Kladovo"]
[Date "2016.10.16"]
[Round "11.43"]
[White "Lazic, Milan Z"]
[Black "Desic, Zoran"]
[Result "0-1"]
[WhiteElo "2039"]
[BlackElo "2059"]
[PlyCount "0"]
[EventDate "2016.09.04"]

1.Nc3 Nf6 2.e4 d6 3.d4 g6 4.Bg5 Bg7 5.Qd2 h6 6.Bf4 Nbd7 7.O-O-O
Nh5 8.Be3 e5 9.dxe5 Nxe5 10.h3 Be6 11.g4 Nf6 12.f4 Nc6 13.Nf3
Qe7 14.Nd4 Bd7 15.Bg2 Nxd4 16.Bxd4 Bc6 17.Rhe1 O-O 18.Nd5 Bxd5
19.exd5 Qd8 20.Qc3 Kh7 21.h4 Rg8 22.Bf3 c5 23.dxc6 bxc6 24.g5
Nd5 25.Qxc6 Bxd4 26.Rxd4 Qa5 27.Ree4 Nb6 28.a3 Rac8 29.Qb7 Qc5
30.Bd1 Rc7 31.Qa6 d5 32.b4 Qc3 0-1

[Event "Liga CS - istok 2016"]
[Site "Kladovo"]
[Date "2016.10.16"]
[Round "11.44"]
[White "Stevic, Dragan"]
[Black "Bulutic, Sasa"]
[Result "1-0"]
[WhiteElo "1897"]
[BlackElo "1904"]
[PlyCount "0"]
[EventDate "2016.09.04"]

1.d4 d6 2.c4 c6 3.Nc3 Qc7 4.e4 Nd7 5.Bd3 e5 6.Nf3 Be7 7.O-O Ngf6
8.Be3 Ng4 9.Bd2 O-O 10.h3 Ngf6 11.Rc1 h6 12.Qe2 b6 13.d5 c5 14.Nh4
a6 15.Nf5 Qd8 16.Kh2 Kh7 17.Nd1 Ng8 18.Nde3 g6 19.Nxe7 Qxe7 20.g3
Ra7 21.f4 f6 22.Rf2 Qg7 23.Rcf1 Re8 24.Bc3 Rb7 25.Ng4 h5 26.Ne3
Nh6 27.f5 Rg8 28.g4 gxf5 29.Nxf5 Nxf5 30.Rxf5 hxg4 31.Rh5+ Kg6
32.Qxg4+ Kf7 33.Qe6+ Kf8 34.Qxd6+ Ke8 35.Qe6+ Kd8 36.Qg4 Qxg4
37.hxg4 Rxg4 38.a4 Nf8 39.Rxf6 Rgg7 40.Rf2 Bg4 41.Bxe5 Rg6 42.Rh4
Bd1 43.Bf6+ Ke8 44.a5 bxa5 45.e5 Rg8 46.Bf5 Ba4 47.e6 1-0

[Event "Liga CS - istok 2016"]
[Site "Kladovo"]
[Date "2016.10.16"]
[Round "11.45"]
[White "Brankovan, Mario"]
[Black "Dragojevic, Leon*"]
[Result "1-0"]
[WhiteElo "1858"]
[BlackElo "1874"]
[PlyCount "0"]
[EventDate "2016.09.04"]

1.d4 g6 2.Nf3 c6 3.Bf4 Bg7 4.c3 d6 5.e4 Nd7 6.Qc2 Ngf6 7.Nbd2
O-O 8.Bd3 Re8 9.O-O e5 10.Bg5 h6 11.Bh4 g5 12.Bg3 Nh5 13.Nc4
Qe7 14.Ne3 Ndf6 15.dxe5 dxe5 16.Bxe5 Nxe4 17.Bxg7 Nxg7 18.Rfe1
Nd6 19.Ng4 Bxg4 20.Rxe7 Rxe7 21.Re1 Rxe1+ 22.Nxe1 Re8 23.Kf1
Be6 24.Qa4 a6 25.Qb4 Rd8 26.a4 Rd7 27.Qc5 Bd5 28.Nc2 Ne6 29.Qe3
Nf4 30.Ne1 Rd8 31.Qe7 Ne6 32.Qf6 h5 33.Qh6 Bc4 34.Qh7+ Kf8 35.g3
Bxd3+ 36.Nxd3 Ke7 37.Ne5 Kf6 38.Nf3 Nf5 39.Qxh5 Rd1+ 40.Ke2 Rb1
41.Qh8+ Nfg7 42.b4 Rb2+ 43.Nd2 Ke7 44.Qb8 Nd8 45.Kd3 Nge6 46.Ne4
f5 47.Qd6+ Kf7 48.Qd7+ Kg6 49.Qe8+ Kg7 50.Qe7+ Nf7 51.Qf6+ Kf8
52.Qxf5 Ned8 53.Nxg5 Rb1 54.Kd2 Rb2+ 55.Kd3 Rb1 56.Ne4 Rd1+ 57.Nd2
Re1 58.Ne4 Rd1+ 59.Kc2 Rd5 60.Qf6 Ke8 61.g4 b6 62.g5 Kd7 63.g6
Nh6 64.Qg7+ 1-0

[Event "Liga CS - istok 2016"]
[Site "Kladovo"]
[Date "2016.10.16"]
[Round "11.46"]
[White "Jovkic, Nikola"]
[Black "Agai, Dzabir"]
[Result "0-1"]
[WhiteElo "1740"]
[BlackElo "1701"]
[PlyCount "0"]
[EventDate "2016.09.04"]

1.e4 c5 2.Nf3 d6 3.Bc4 e6 4.d4 cxd4 5.Nxd4 Nc6 6.Nc3 g6 7.O-O
Bg7 8.Ndb5 Ke7 9.Bf4 Ne5 10.Bb3 a6 11.Nd4 Nf6 12.Nf3 Nh5 13.Be3
Re8 14.h3 Kf8 15.Nh2 Nf6 16.Qd2 Qc7 17.Rad1 Rd8 18.f4 Nc4 19.Bxc4
Qxc4 20.e5 Ne8 21.Qf2 d5 22.Bc5+ Kg8 23.Rd3 Bf8 24.b3 Qxc5 25.Qxc5
Bxc5+ 26.Kh1 b5 27.Rfd1 Bb7 28.Ne2 Bb6 29.c4 dxc4 30.Rxd8 Rxd8
31.Ra1 Rd2 0-1

[Event "Liga CS - istok 2016"]
[Site "Kladovo"]
[Date "2016.10.16"]
[Round "11.47"]
[White "Zikic, Petar**"]
[Black "Demic, Aleksandar**"]
[Result "0-1"]
[WhiteElo "1620"]
[BlackElo "1552"]
[PlyCount "0"]
[EventDate "2016.09.04"]

1.d4 Nf6 2.Bf4 e6 3.e3 b6 4.Nf3 Bb7 5.Bd3 Be7 6.O-O O-O 7.Nbd2
d6 8.c3 Nbd7 9.h3 Re8 10.Re1 Bf8 11.Bg5 e5 12.Bf5 Be7 13.dxe5
Nxe5 14.Nxe5 dxe5 15.Qc2 g6 16.Bd3 Nd5 17.Bxe7 Qxe7 18.Rad1 Rad8
19.Qa4 Nxc3 20.bxc3 Rxd3 21.Qxa7 Bc6 22.Qa6 Red8 23.Qc4 Bb7 24.Re2
Qg5 25.f4 Qh5 26.Kf1 Bxg2+ 27.Ke1 Qh4+ 28.Rf2 Rxe3+ 0-1

[Event "Liga CS - istok 2016"]
[Site "Kladovo"]
[Date "2016.10.16"]
[Round "11.51"]
[White "Radenkovic, Dragan"]
[Black "Urosevic, Goran"]
[Result "0-1"]
[WhiteElo "2154"]
[BlackElo "2265"]
[PlyCount "0"]
[EventDate "2016.09.04"]

1.d4 Nf6 2.Nf3 c5 3.g3 cxd4 4.Nxd4 d5 5.Bg2 e5 6.Nf3 Nc6 7.O-O
Be7 8.c3 O-O 9.Qb3 Qc7 10.Bg5 Be6 11.Nbd2 h6 12.Bxf6 Bxf6 13.Rac1
Rac8 14.Qa4 Qb6 15.Qc2 e4 16.Ne1 Nd4 17.Qd1 Qxb2 18.Rb1 Qxc3
19.Rxb7 Qc1 20.Qxc1 Nxe2+ 21.Kh1 Nxc1 22.Rxa7 Ra8 23.Rxa8 Rxa8
24.Nc2 Nxa2 25.Ne3 Rb8 26.Rb1 Rxb1+ 27.Nxb1 Be5 28.Nd2 Nc1 29.Nxd5
Bxd5 30.Bxe4 Bxe4+ 31.Nxe4 Kf8 32.Kg2 Ne2 33.Nc5 Ke7 34.Kf3 Bd6
35.Nb3 Nc3 36.Nd4 Bc5 37.Nb3 Bb6 38.Kg2 Ke6 39.Nd2 Kd5 40.f3
Kd4 41.f4 Kd3 42.Nf3 Bd4 43.Ne1+ Ke4 44.Nf3 Nd5 45.Nd2+ Kd3 46.Nf3
Ne3+ 47.Kf2 Nd1+ 48.Ke1 Nc3 49.Kf1 Ke3 50.Kg2 Nd5 51.Ng1 Bc3
52.Kf1 Nf6 53.Kg2 Ne4 54.Kf1 Nd2+ 55.Kg2 Bd4 56.f5 Kd3 57.Nh3
Ke4 58.g4 Be3 59.Kg3 Nf3 60.Kg2 Ng5 0-1

[Event "Liga CS - istok 2016"]
[Site "Kladovo"]
[Date "2016.10.16"]
[Round "11.52"]
[White "Cvetkovic, Nemanja"]
[Black "Jovic, Mirko"]
[Result "1/2-1/2"]
[WhiteElo "2206"]
[BlackElo "2200"]
[PlyCount "0"]
[EventDate "2016.09.04"]

1.d4 Nf6 2.Nf3 b6 3.g3 Bb7 4.Bg2 e6 5.c4 Bb4+ 6.Nbd2 O-O 7.O-O
d5 8.cxd5 exd5 9.Ne5 Nbd7 10.Nd3 Bd6 11.Nf3 Re8 12.Bf4 Nf8 13.Rc1
Ne6 14.Bxd6 Qxd6 15.Qa4 c5 16.b3 cxd4 1/2-1/2

[Event "Liga CS - istok 2016"]
[Site "Kladovo"]
[Date "2016.10.16"]
[Round "11.53"]
[White "Rasic, Jovan*"]
[Black "Grujic, Nebojsa"]
[Result "1/2-1/2"]
[WhiteElo "2129"]
[BlackElo "2156"]
[PlyCount "0"]
[EventDate "2016.09.04"]

1.e4 e6 2.d4 d5 3.e5 c5 4.c3 Nc6 5.Nf3 Qb6 6.Bd3 cxd4 7.cxd4
Bd7 8.O-O Nxd4 9.Nxd4 Qxd4 10.Nc3 a6 1/2-1/2

[Event "Liga CS - istok 2016"]
[Site "Kladovo"]
[Date "2016.10.16"]
[Round "11.54"]
[White "Jakovljevic, Dejan"]
[Black "Ninic, Dragoslav"]
[Result "1/2-1/2"]
[WhiteElo "2080"]
[BlackElo "2003"]
[PlyCount "0"]
[EventDate "2016.09.04"]

1.e4 c5 2.Nc3 Nc6 3.g3 e6 4.Bg2 d6 5.d3 a6 6.Be3 Nge7 7.Nge2
Ng6 8.O-O Qc7 9.f4 Bd7 10.Kh1 Be7 11.a3 Bf6 12.d4 cxd4 13.Nxd4
O-O 14.Nce2 Rad8 15.c3 Nce7 16.Nf3 Bc6 17.Qc2 Rfe8 18.g4 Nc8
19.g5 Be7 20.h4 f5 21.h5 Bxe4 22.Qb3 Nf8 23.Ned4 Bd5 24.Qd1 Be4
25.Qb3 1/2-1/2

[Event "Liga CS - istok 2016"]
[Site "Kladovo"]
[Date "2016.10.16"]
[Round "11.55"]
[White "Radovanovic, Danko"]
[Black "Miljkovic, Jovana**"]
[Result "1/2-1/2"]
[WhiteElo "1844"]
[BlackElo "2018"]
[PlyCount "0"]
[EventDate "2016.09.04"]

1.c4 c5 2.Nc3 Nc6 3.Nf3 e5 4.g3 g6 5.Bg2 Bg7 6.d3 Nge7 7.O-O
d6 8.Rb1 O-O 9.Bg5 h6 10.a3 a5 11.Nd5 Nxd5 12.cxd5 Ne7 13.e4
f5 14.b4 axb4 15.axb4 b6 16.bxc5 bxc5 17.Qc2 Ba6 18.Rfe1 Qc7
19.Rb2 Rfb8 20.Reb1 Rxb2 21.Rxb2 Rb8 22.Ne1 Rxb2 1/2-1/2

[Event "Liga CS - istok 2016"]
[Site "Kladovo"]
[Date "2016.10.16"]
[Round "11.56"]
[White "Golubovic, Marko"]
[Black "Kujic, Goran"]
[Result "1-0"]
[WhiteElo "1977"]
[BlackElo "1914"]
[PlyCount "0"]
[EventDate "2016.09.04"]

1.e4 e5 2.Nf3 Nc6 3.Bc4 Nd4 4.c3 Nxf3+ 5.Qxf3 Nf6 6.d4 d6 7.O-O
Be7 8.dxe5 dxe5 9.Qg3 O-O 10.Bh6 Ng4 11.Bc1 Bd6 12.h3 Nf6 13.Bh6
Nh5 14.Qf3 Nf6 15.Bg5 h6 16.Be3 Qe7 17.Rd1 b6 18.Nd2 Bb7 19.Bd3
Nh7 20.g4 Rad8 21.Nf1 Ng5 22.Bxg5 hxg5 23.Ne3 g6 24.Bc4 Kg7 25.Bd5
c6 26.Bc4 Bc5 27.Nc2 b5 28.Bb3 a5 29.a4 b4 30.cxb4 axb4 31.Bc4
Rd4 32.Nxd4 Bxd4 33.Rd2 Qd7 34.Kh2 Rd8 35.a5 Qc7 36.a6 Ba8 37.Kg2
Rd6 38.Qg3 Rf6 39.Rxd4 c5 40.Rd5 Rf4 41.Qe3 b3 42.Qxc5 Qb8 43.f3
Kh6 44.Qd6 1-0